Systemisch-konstruktivistische Paedagogik : Einfuehrung in Grundlagen einer interaktionistisch-konstruktivistischen Paedagogik
Αποθηκεύτηκε σε:
| Κύριος συγγραφέας: | |
|---|---|
| Μορφή: | Βιβλίο |
| Γλώσσα: | German |
| Δημοσίευση: |
Neuwied : Kriftel : Berlin :
Luchterhand,
1997
|
| Έκδοση: | 2. durchgesehene Aufl. |
| Θέματα: | |
| Ετικέτες: |
Προσθήκη ετικέτας
Δεν υπάρχουν, Καταχωρήστε ετικέτα πρώτοι!
|
MARC
| LEADER | 00000nam a2200000 i 4500 | ||
|---|---|---|---|
| 001 | 1/12175 | ||
| 008 | 000919s1997 ger d | ||
| 020 | |a 3-472-03183-2 | ||
| 035 | |l 10064108 | ||
| 040 | |a GR-MY-UA |b gre |e aacr | ||
| 041 | 0 | |a ger | |
| 082 | 0 | |a 370.1 | |
| 100 | 1 | |a Reich, Kersten. | |
| 245 | 1 | 0 | |a Systemisch-konstruktivistische Paedagogik : |b Einfuehrung in Grundlagen einer interaktionistisch-konstruktivistischen Paedagogik / |c Kersten Reich |
| 250 | |a 2. durchgesehene Aufl. | ||
| 260 | |a Neuwied : |a Kriftel : |a Berlin : |b Luchterhand, |c 1997 | ||
| 300 | |a 295 p.; |c 20 cm | ||
| 650 | 0 | 0 | |a Education |x Philosophy. |
| 650 | 0 | 0 | |a Education |x Aims and objectives. |
| 852 | |a INST |b RHODES |e 20000919 |h 370.1 REI |p 005400014958 |q 005400014958 |t BK |y 0 | ||
| 901 | |a BIBL4-2000-3 | ||
| 909 | |a Ρ |b 065908 | ||
| 922 | |a 4ΕΛΗ |b 199903 |c ΚΠΣ/154 |d LEADER BOOKS | ||
| 970 | |z 2000/09/ΑΔΑΜ | ||